Fr. Conceicao Rodrigues College of Engineering

Safety Science For Technicians (Record no. 25806)

MARC details
000 -LEADER
fixed length control field 00340nam a2200145Ia 4500
082 ## - DEWEY DECIMAL CLASSIFICATION NUMBER
Classification number 363.1
100 ## - MAIN ENTRY--PERSONAL NAME
Personal name Hackett/W.J/ Robbins/G.P
245 ## - TITLE STATEMENT
Title Safety Science For Technicians
260 ## - PUBLICATION, DISTRIBUTION, ETC.
Name of publisher, distributor, etc. Longman
Place of publication, distribution, etc. London
Date of publication, distribution, etc. 1980
300 ## - PHYSICAL DESCRIPTION
Extent 149
546 ## - LANGUAGE NOTE
Language note ENGLISH
650 ## - SUBJECT ADDED ENTRY--TOPICAL TERM
Topical term or geographic name entry element General
654 ## - SUBJECT ADDED ENTRY--FACETED TOPICAL TERMS
Focus term Safety Science For Technicians
942 ## - ADDED ENTRY ELEMENTS (KOHA)
Koha item type BOOK
Holdings
Withdrawn status Lost status Damaged status Not for loan Collection Home library Current library Date acquired Total Checkouts Full call number Barcode Date last seen Price effective from Koha item type
        AFT Fr. Agnel's C.Rodrigues College of Engineering Fr. Agnel's C.Rodrigues College of Engineering 17/03/2023   363.1 AFT4066 17/03/2023 17/03/2023 BOOK